000 00720nam0a22002531 4500
001 RU\NLR\INFOCOMM16\ROSSICA\1000471629
005 20250613191105.0
035 _a(NLR Aleph) 009925571
090 _a10689956
_c10689956
100 _a20030728d1895 |||y0rusy50 ca
101 0 _ager
102 _aRU
105 _ay ||||000ay
200 1 _aDie Nothwendigkeit einer Systemänderung in der Entfernung der Abfallstoffe für St.Petersburg
_fGesellius, Franz
210 _aSt.Petersburg
_d1895
215 _d
700 1 _aGesellius
_bF.
_gFranz
_4070
801 1 _aRU
_bInfoComm
_c20030728
801 0 _aRU
_bNLR
_gPSBO
852 _aNLR
_j12.53.7.1139
942 _cBOOK
980 _aNB
980 _aRossica